01532nam a22003137a 450000100060000000300090000600500170001500700060003200800390003802000320007702000340010902000380014304000220018124501470020326000390035030000320038949000100042150000610043150504060049265000450089865000460094365000400098965000490102965000450107870000210112370000390114470000250118383000100120800296DO-SdBNP20180309122520.000296160504b dr 2008||||| |||| 00| 0 spa d a9789945112221 (v. 7) Guía a9789945112320 (v. 7) Cuaderno a9788482619392 (v. 7) Experimentos aBPMSUbspacBPMSU aNaturaleza 7 :beducación básica /cÁngela Segura [et al.]; dirección editorial de Obdula García de Escobar; editora Claudia Llibre. aSanto Domingo :bSantillana,c2008 a3 v. :bil., retrs.c30 cm.1 aCoral aLa biblioteca posee guía y el cuaderno,y experimentos aUnidad 1. Respuestas a los estímulos. Unidad 2. La coordinación del cuerpo. Unidad 3. La locomoción Unidad 4. Herencia y evolución. Unidad 5. Los ecosistemas Unidad 6. Impacto humano en el medio ambiente Unidad 7. La materia y sus cambios Unidad 8. Estructura de la materia. Propiedades químicas Unidad 9. Los fluidos. Unidad 10. La ondas Unidad 11. Nuestro planeta en el universos 4aCIENCIAS NATURALESxENSEÑANZA BÁSICA 4aCIENCIAS NATURALESxESTUDIOS Y EJERCICIOS 4aCIENCIAS SOCIALESxLIBROS DE TEXTOS 4aEDUCACIÓN PRIMARIAzREPÚBLICA DOMINICANA 4aCIENCIAS NATURALESxEDUCACIÓN PRIMARIA12aSegura, Ángela12a García de Escobar, Obduliaeed.12aLlibre, Claudiaeed. 0aCoral